[Event "Santiago CALF op"]
[Site "Santiago de Chile"]
[Date "2003.??.??"]
[Round "5.21"]
[White "Padilla, Tomas"]
[Black "Kemp, Nelson"]
[Result "0-1"]
[WhiteElo "2088"]
[BlackElo "100"]
[PlyCount "62"]
[EventDate "2003.??.??"]
[EventType "swiss"]
[EventRounds "9"]
[EventCountry "CHI"]
[SourceTitle "EXT 2004"]
[Source "ChessBase"]
[SourceDate "2003.11.25"]
[SourceVersion "1"]
[SourceVersionDate "2003.11.25"]
[SourceQuality "1"]

1. e4 c5 2. f3 Nf6 3. d3 e6 4. Nc3 Be7 5. Be2 d5 6. Nh3 Qa5 7. exd5 exd5 8. Nf4 d4 9. Nfd5 Nxd5 10. Bd2 dxc3 11. bxc3 Qc7 12. 0-0 Nc6 13. c4 Nf4 14. g3 Nh3+ 15. Kh1 Nd4 16. c3 Nxe2 17. Qxe2 0-0 18. Qe3 Bf6 19. Qe4 Bd7 20. Bf4 Nxf4 21. gxf4 Bxc3 22. Rad1 Bc6 23. Qe2 Rae8 24. Qg2 Bd4 25. Rd2 Re6 26. Rg1 Bxf3 27. Re2 Bxg2+ 28. Rgxg2 Rxe2 29. Rxe2 Qc6+ 30. Rg2 Re8 31. f5 Re1# 0-1